| 000 | 00545nam a2200169Ia 4500 | ||
|---|---|---|---|
| 999 |
_c22314 _d22314 |
||
| 003 | OSt | ||
| 005 | 20200515090738.0 | ||
| 008 | 190216s9999||||xx |||||||||||||| ||und|| | ||
| 040 | _coclc | ||
| 082 |
_a297.124 _bAZI/P |
||
| 100 |
_aAziz, Qutubuddin _92245 |
||
| 245 | 4 |
_aThe Prophet Of Peace And Humanity / _cQutubuddin Aziz |
|
| 260 |
_bInternational Islamic Publishers, _c1990. _aNew Delhi: |
||
| 300 | _a68p | ||
| 650 | 0 |
_aHistory & geography _vIslamic History _92271 |
|
| 942 |
_cBK _2ddc _h297.124 _iAZI/P _k297.124 _mAZI/P |
||